Statistics for British Royalty Line of Succession

Click here to take the quiz!

General Stats

  • This quiz has been taken 894 times
    (388 since last reset)
  • The average score is 15 of 20

Answer Stats

LIne of Succession% Correct
1HRH The Prince of Wales
100%
2HRH The Duke of Cambridge
99%
3HRH Prince George of Cambridge
96%
4HRH Princess Charlotte of Cambridge
94%
6HRH The Duke of Sussex
92%
5HRH Prince Louis of Cambridge
90%
7Archie Harrison Mountbatten-Windsor
86%
8HRH The Duke of York
85%
11HRH The Earl of Wessex
80%
9HRH Princess Beatrice of York
80%
10HRH Princess Eugenie
77%
14HRH The Princess Royal
73%
12James, Viscount Severn
63%
13Lady Louise Windsor
63%
15Mr Peter Phillips
62%
18Mrs Mike Tindall
60%
19Miss Mia Tindall
53%
16Miss Savannah Phillips
49%
17Miss Isla Phillips
47%
20Miss Lena Tindall
44%

Score Distribution

Percentile by Number Answered

Percent of People with Each Score

Your Score History

You have not taken this quiz since the last reset